000
00198 a2200097 4500
001
55965
100
_a
245
_a
Flight unlimited
260
_a
USA
_b
Elek
_c
1983
090
_c
34667
_d
34667
942
_a
NUST-CAE
_c
MONOGRAPH
_c
27410
999
_c
291038
_d
291038